[Event "Bratislava exe op"]
[Site "Bratislava"]
[Date "2023.09.18"]
[Round "4"]
[White "Miasik, Adrian"]
[Black "Arian, Tomer"]
[Result "1/2-1/2"]
[WhiteElo "2056"]
[BlackElo "1719"]
[PlyCount "101"]
[EventDate "2023.09.15"]
[EventType "swiss"]
[EventRounds "9"]
[EventCountry "SVK"]
[SourceTitle "EXT 2024"]
[Source "ChessBase"]
[SourceDate "2023.10.10"]
[SourceVersion "1"]
[SourceVersionDate "2023.10.10"]
[SourceQuality "1"]

1. d4 Nf6 2. c4 g6 3. Nc3 d5 4. cxd5 Nxd5 5. Bd2 Bg7 6. e4 Nxc3 7. Bxc3 c5 8. d5 0-0 9. Qd2 Nd7 10. h4 Nf6 11. f3 e6 12. d6 Bd7 13. h5 b5 14. hxg6 fxg6 15. b3 Bc6 16. Rc1 Bxe4 17. Bxb5 Bd5 18. d7 Qb6 19. Ba4 a5 20. Ne2 Rf7 21. Nf4 Qd6 22. Bxf6 Bxf6 23. Nxd5 exd5 24. Kd1 Re7 25. Re1 Kg7 26. Kc2 c4 27. Rxe7+ Qxe7 28. Qxd5 Qe2+ 29. Qd2 cxb3+ 30. axb3 Qxd2+ 31. Kxd2 Bg5+ 32. Kc2 Bxc1 33. Kxc1 h5 34. Kd2 Kf6 35. Ke3 Ke5 36. f4+ Kd6 37. Bb5 Rb8 38. Kd4 Kc7 39. Ba4 Rf8 40. Ke5 Rf5+ 41. Ke4 Rc5 42. Kd3 g5 43. Ke4 gxf4 44. Kxf4 Rd5 45. Kg3 Rd2 46. Kh3 Rd3+ 47. Kh4 Rd2 48. Kh3 Rd3+ 49. Kh4 Rd2 50. Kh3 Rd3+ 51. Kh4 1/2-1/2

[Event "Reykjavik op"]
[Site "Reykjavik"]
[Date "2023.03.30"]
[Round "3"]
[White "Jonsdottir, Katrin Maria"]
[Black "Arian, Tomer"]
[Result "0-1"]
[WhiteElo "1071"]
[BlackElo "1644"]
[PlyCount "30"]
[EventDate "2023.03.29"]
[EventType "swiss"]
[EventRounds "9"]
[EventCountry "ISL"]
[SourceTitle "CBM 213 Extra"]
[Source "ChessBase"]
[SourceDate "2023.05.31"]
[SourceVersion "1"]
[SourceVersionDate "2023.05.31"]
[SourceQuality "1"]

1. e4 c6 2. Nf3 d5 3. exd5 cxd5 4. d4 Nc6 5. Bf4 Nf6 6. Nc3 a6 7. Be2 Bf5 8. a3 e6 9. 0-0 Bd6 10. Bxd6 Qxd6 11. h3 0-0 12. Bd3 Bxd3 13. Qxd3 Rac8 14. Rfe1 Nd7 15. Ne5 Nf6 0-1